[Event "Ctor por Equipos de Aragon-Division de Honor"]
[Site ""]
[Date "2023.03.11"]
[Round "7.22"]
[White "Laliena Solanes, Luis"]
[Black "Palacios Herrero, Pablo"]
[Result "0-1"]
[WhiteElo "2196"]
[BlackElo "2198"]
[PlyCount "0"]
[WhiteTeam "ONCE C. A. Aragon"]
[BlackTeam "Palacio De Pioneros A"]
[EventDate "2023.01.28"]

1. d4 d5 2. Nf3 Nf6 3. Bg5 e6 4. e3 c5 5. Nbd2 Nc6 6. c3 h6 7. Bh4 cxd4 8. exd4
g5 9. Bg3 Nh5 10. Ne5 Nxg3 11. Nxc6 bxc6 12. hxg3 Bd6 13. Bd3 Rb8 14. Rb1 Kf8
15. Qe2 Qf6 16. Nf3 c5 17. Ne5 cxd4 18. cxd4 Bb4+ 19. Kf1 Bd6 20. Kg1 Rb4 21.
Rc1 Kg7 22. Rc6 Bb8 23. Qe3 Rxd4 24. Qxd4 Bxe5 25. Qb4 Bxb2 26. g4 Bd4 27. Qd2
Bd7 28. Rc7 Rd8 29. Rh3 Bb6 30. Rc2 Qd4 31. Qe2 Qa1+ 32. Kh2 Bd4 33. Rf3 Ba4
34. Rd2 Bc3 35. Rc2 Bxc2 36. Bxc2 Bf6 37. Qd3 Rh8 38. g3 h5 39. Rxf6 hxg4+ 0-1

[Event "Ctor por Equipos de Aragon-Division de Honor"]
[Site ""]
[Date "2023.03.11"]
[Round "7.23"]
[White "Lacruz Algarate, Alvaro"]
[Black "Gavin Roche, Enrique"]
[Result "1-0"]
[WhiteElo "2113"]
[BlackElo "2201"]
[PlyCount "0"]
[WhiteTeam "Palacio De Pioneros A"]
[BlackTeam "ONCE C. A. Aragon"]
[EventDate "2023.01.28"]

1. e4 e5 2. Nf3 d6 3. d4 Nf6 4. dxe5 Nxe4 5. Bc4 c6 6. exd6 Bxd6 7. O-O O-O 8.
Re1 Bg4 9. Nbd2 Nxd2 10. Bxd2 Bxh2+ 11. Kxh2 Bxf3 12. Qxf3 Qh4+ 13. Kg1 Qxc4
14. Bc3 Na6 15. Re7 Rae8 16. Rae1 Rxe7 17. Rxe7 Nc5 18. Qg3 g6 19. Qg5 Na4 20.
Be5 Qxc2 21. Qf6 Qd1+ 22. Kh2 Qh5+ 23. Kg3 1-0

[Event "Ctor por Equipos de Aragon-Division de Honor"]
[Site ""]
[Date "2023.03.11"]
[Round "7.24"]
[White "Baigorri Navarro, Francisco Javier"]
[Black "Dan, Teodor"]
[Result "1-0"]
[WhiteElo "2158"]
[BlackElo "2045"]
[PlyCount "0"]
[WhiteTeam "ONCE C. A. Aragon"]
[BlackTeam "Palacio De Pioneros A"]
[EventDate "2023.01.28"]

1. Nf3 Nf6 2. c4 g6 3. Nc3 Bg7 4. e4 d6 5. d4 O-O 6. Be2 e5 7. O-O Nc6 8. d5
Ne7 9. b4 a5 10. Ba3 axb4 11. Bxb4 b6 12. a4 Re8 13. Nd2 c5 14. Ba3 Rf8 15. Bc1
Bh6 16. Nb3 Bxc1 17. Qxc1 Ne8 18. Qd2 f5 19. f3 f4 20. Nb5 Nf6 21. a5 bxa5 22.
Nxa5 Qd7 23. Nc6 Bb7 24. Nxe7+ Qxe7 25. Qb2 Ba6 26. Ra2 Bxb5 27. cxb5 Rxa2 28.
Qxa2 Nd7 29. Qa7 Rb8 30. Qc7 Ra8 31. b6 Kf7 32. b7 Rd8 33. Bb5 Nb8 34. Qb6 h5
35. Ra1 Kg7 36. Ra8 Kh6 37. Bf1 Rf8 38. Kf2 g5 39. h3 Kg6 40. Ke2 Kf6 41. Kd2
Rd8 42. Kc3 Kf7 43. Bb5 Kf6 44. Bc6 g4 45. hxg4 hxg4 46. Kc4 Kg5 47. Kb5 Rh8
48. Qa5 Kh4 49. Qe1+ Kg5 50. fxg4 Kxg4 51. Qe2+ Kg5 52. Qf3 Qf8 53. g3 Rh2 54.
gxf4+ exf4 55. Ra1 Rb2+ 56. Ka4 Qh6 57. Rh1 Rh2 58. Rg1+ Kf6 59. Qg4 Ke5 60.
Qf5+ Kd4 61. Rd1+ Kc3 62. e5 Ra2+ 63. Kb5 Rb2+ 64. Ka5 Nxc6+ 65. dxc6 Ra2+ 66.
Kb6 Rb2+ 67. Kc7 Qg7+ 68. Kxd6 1-0

[Event "Ctor por Equipos de Aragon-Division de Honor"]
[Site ""]
[Date "2023.03.11"]
[Round "7.25"]
[White "Accattato Martin, Mario"]
[Black "Ramon Perez, Jose Luis"]
[Result "1/2-1/2"]
[WhiteElo "2252"]
[BlackElo "2166"]
[PlyCount "0"]
[WhiteTeam "Monzon"]
[BlackTeam "Fraga"]
[EventDate "2023.01.28"]

1. e4 c5 2. Nf3 d6 3. c3 Nf6 4. Be2 g6 5. O-O Bg7 6. h3 O-O 7. d3 Nc6 8. Be3 e5
9. Nbd2 Re8 10. a3 b6 11. b4 cxb4 12. axb4 d5 13. Bg5 h6 14. Bxf6 Bxf6 15. exd5
Qxd5 16. Nc4 Bb7 17. Ne1 Rad8 18. Qc2 Bg7 19. Bf3 e4 20. Ne3 Qe5 21. Bxe4 Qxc3
22. Qxc3 Bxc3 23. Rc1 Nd4 24. Rxc3 Bxe4 25. Ra3 Nb5 26. Rb3 Bd5 27. Rb2 Be6 28.
Kh2 Rd4 29. f4 f5 30. g4 Bd7 31. Nc4 fxg4 32. Ne5 gxh3 33. N1f3 Re7 34. Rg1 Kh7
35. Nxd7 Rdxd7 36. Ne5 Rd6 37. Kxh3 Nd4 38. Rbg2 Ree6 39. Rc1 Nc6 1/2-1/2

[Event "Ctor por Equipos de Aragon-Division de Honor"]
[Site ""]
[Date "2023.03.11"]
[Round "7.26"]
[White "Vallverdu Miret, Oscar"]
[Black "Arrieta Restrepo, Steven"]
[Result "0-1"]
[WhiteElo "2086"]
[BlackElo "2039"]
[PlyCount "0"]
[WhiteTeam "Fraga"]
[BlackTeam "Monzon"]
[EventDate "2023.01.28"]

1. d4 Nf6 2. Nf3 e6 3. e3 b6 4. Bd3 Bb7 5. O-O Be7 6. b3 O-O 7. Bb2 a5 8. Nbd2
d5 9. Ne5 a4 10. a3 c5 11. Re1 Nbd7 12. Qf3 Nxe5 13. dxe5 Nd7 14. Qh3 g6 15. e4
axb3 16. cxb3 Bg5 17. Nf3 d4 18. Bb5 Be7 19. Bc1 Ba6 20. Bxd7 Qxd7 21. Bg5 Rfe8
22. Bf6 Bf8 23. Ng5 h6 24. f4 d3 25. Nf3 Bb7 26. Nd2 b5 27. Kh1 Rec8 28. a4 c4
29. bxc4 bxc4 30. Re3 Rxa4 31. Rg1 c3 32. Rxd3 Rd4 33. Rxd4 Qxd4 34. Nf3 Qxe4
35. Ng5 Qf5 36. Qg3 c2 37. Rc1 hxg5 38. fxg5 Rc4 39. h3 Qe4 40. Kh2 Ba6 0-1

[Event "Ctor por Equipos de Aragon-Division de Honor"]
[Site ""]
[Date "2023.03.11"]
[Round "7.27"]
[White "Barranco Mananet, Fernando"]
[Black "Aribau Rivas, Miguel Angel"]
[Result "1-0"]
[WhiteElo "2005"]
[BlackElo "2036"]
[PlyCount "0"]
[WhiteTeam "Monzon"]
[BlackTeam "Fraga"]
[EventDate "2023.01.28"]

1. e4 c5 2. Nc3 a6 3. Nf3 d6 4. a4 Nf6 5. Bc4 e6 6. Ba2 Be7 7. O-O O-O 8. d4
cxd4 9. Nxd4 Nc6 10. Be3 Qc7 11. f4 Bd7 12. f5 Nxd4 13. Bxd4 e5 14. Be3 Bc6 15.
Nd5 Bxd5 16. Bxd5 Nxd5 17. Qxd5 Qc6 18. c4 Rfc8 19. Rfc1 a5 20. b3 Kf8 21. Rd1
h6 22. Rd3 Rd8 23. Rad1 Rac8 24. Kf2 Kg8 25. Kf3 Bf8 26. g4 Qc7 27. h4 Qc6 28.
g5 Qxd5 29. Rxd5 Kh7 30. Rb5 Rc7 31. Bb6 Rc6 32. Bxd8 1-0

[Event "Ctor por Equipos de Aragon-Division de Honor"]
[Site ""]
[Date "2023.03.11"]
[Round "7.28"]
[White "Agustin De Dios, Adrian"]
[Black "Hidalgo Gracia, Andres"]
[Result "0-1"]
[WhiteElo "1698"]
[BlackElo "1852"]
[PlyCount "0"]
[WhiteTeam "Fraga"]
[BlackTeam "Monzon"]
[EventDate "2023.01.28"]

1. e4 e5 2. Nf3 Nf6 3. Nc3 Bb4 4. d3 d6 5. Bd2 Bg4 6. h3 Bh5 7. Be2 c6 8. a3
Ba5 9. O-O O-O 10. b4 Bc7 11. Nh2 Bxe2 12. Qxe2 d5 13. Bg5 d4 14. Na4 h6 15.
Bh4 Qd6 16. Nc5 b6 17. Nb3 Nbd7 18. Bg3 g6 19. Ng4 Nxg4 20. hxg4 c5 21. bxc5
Nxc5 22. f4 Nxb3 23. cxb3 Qe6 24. f5 Qxb3 25. Rfb1 Qa4 26. fxg6 fxg6 27. Qa2+
Kh7 28. Rf1 Qd7 29. Rxf8 Rxf8 30. Rf1 Rxf1+ 31. Kxf1 Kg7 32. Qc4 Qf7+ 33. Qxf7+
Kxf7 34. Ke2 b5 35. Be1 Bd6 36. Bb4 Bxb4 37. axb4 Ke7 38. g5 h5 39. g3 Kd6 40.
Kd2 Kc6 41. Kc2 Kb6 42. Kb3 a5 43. Ka3 axb4+ 44. Kxb4 Kc6 45. Kb3 Kc5 46. Ka3
b4+ 47. Kb3 Kb5 48. Kc2 Ka4 49. Kb2 b3 50. Ka1 Ka3 51. Kb1 Ka4 52. Kc1 Kb5 53.
Kb1 Kc5 54. Kb2 Kb4 0-1

[Event "Ctor por Equipos de Aragon-Division de Honor"]
[Site ""]
[Date "2023.03.11"]
[Round "7.29"]
[White "Abril Avellanas, Eduardo"]
[Black "Pellicer Cerezuela, Miguel"]
[Result "1-0"]
[WhiteElo "2164"]
[BlackElo "2043"]
[PlyCount "0"]
[WhiteTeam "Atletismo Huesca"]
[BlackTeam "L'Aurora Estadilla"]
[EventDate "2023.01.28"]

1. Nf3 e6 2. c4 d5 3. g3 Nf6 4. b3 Bd6 5. Bb2 O-O 6. Bg2 c5 7. cxd5 exd5 8. O-O
Nc6 9. d4 Qe7 10. Nc3 Be6 11. Rc1 cxd4 12. Nxd4 Be5 13. Ncb5 Nxd4 14. Bxd4 Bd7
15. Bc5 Qe6 16. Bxf8 Bxb5 17. Bc5 Re8 18. Re1 Ne4 19. a4 Bc6 20. Qd3 h5 21.
Red1 a6 22. Bd4 h4 23. Bxe5 Qxe5 24. Qd4 Qf5 25. Rd3 Nf6 26. Re3 Rxe3 27. Qxe3
hxg3 28. hxg3 Ng4 29. Qf4 Qh5 30. f3 Nf6 31. Kf2 Qg6 32. Bh3 Nh5 33. Qb8+ Kh7
34. Rh1 Qf6 35. Bg4 Qd4+ 36. Kg2 g6 37. Bxh5 gxh5 38. Rxh5+ Kg6 39. g4 Qe3 40.
Qg8+ Kf6 41. Rf5+ Ke6 42. Qxf7+ Kd6 43. Qf6+ Kc5 44. Qb2 Kb6 45. Re5 Qf4 46.
Qc3 Qf8 47. Qd4+ Kc7 48. Rh5 Qg8 49. a5 Be8 50. Qe5+ Kc6 51. Rh8 1-0

[Event "Ctor por Equipos de Aragon-Division de Honor"]
[Site ""]
[Date "2023.03.11"]
[Round "7.30"]
[White "Cid Royo, Oscar"]
[Black "Luis Vitalla, Fernando"]
[Result "0-1"]
[WhiteElo "1998"]
[BlackElo "2097"]
[PlyCount "0"]
[WhiteTeam "L'Aurora Estadilla"]
[BlackTeam "Atletismo Huesca"]
[EventDate "2023.01.28"]

1. d4 d5 2. Nf3 Nf6 3. g3 g6 4. Bg2 Bg7 5. O-O O-O 6. b3 c5 7. Bb2 Ne4 8. Nbd2
Nc6 9. c3 Qb6 10. Nxe4 dxe4 11. Nd2 cxd4 12. cxd4 Nxd4 13. Nc4 Qc5 14. Rc1 Bg4
15. Ne3 Nxe2+ 16. Qxe2 Qxc1 17. Bxg7 Bxe2 18. Rxc1 Kxg7 19. Bxe4 Rac8 20. Rxc8
Rxc8 21. Bxb7 Rc1+ 22. Kg2 e6 23. Be4 f5 24. Bc2 e5 25. f4 e4 26. Kf2 Bd3 27.
Bd1 Kf6 28. Ke1 Ra1 29. Nd5+ Ke6 30. Nc3 Bc2 0-1

[Event "Ctor por Equipos de Aragon-Division de Honor"]
[Site ""]
[Date "2023.03.11"]
[Round "7.31"]
[White "Gella Bitrian, Diego"]
[Black "Ayensa Garcia, Miguel Angel"]
[Result "0-1"]
[WhiteElo "2023"]
[BlackElo "1950"]
[PlyCount "0"]
[WhiteTeam "Atletismo Huesca"]
[BlackTeam "L'Aurora Estadilla"]
[EventDate "2023.01.28"]

1. e4 c5 2. Nf3 g6 3. d4 cxd4 4. Nxd4 Bg7 5. Nc3 Nc6 6. Be3 Nf6 7. Bc4 Qa5 8.
f3 Qb4 9. Nxc6 bxc6 10. Bb3 d5 11. e5 Nh5 12. Qd4 Qxd4 13. Bxd4 Nf4 14. Ba4 Bd7
15. O-O-O Ne6 16. Be3 Bxe5 17. Nxd5 cxd5 18. Bxd7+ Kxd7 19. Rxd5+ Bd6 20. Rhd1
Rhc8 21. b3 Ke8 22. Kb2 Bc5 23. Bxc5 Rxc5 24. Rxc5 Nxc5 25. b4 Ne6 26. c4 Rd8
27. Rc1 Rd2+ 28. Kb3 Kd7 29. a4 h5 30. c5 Rxg2 31. b5 Rf2 32. Kb4 Kc7 33. Ka5
Rd2 34. Ka6 Kb8 35. b6 axb6 36. cxb6 Rd5 37. Rc4 Rd4 38. Rxd4 Nxd4 39. a5 Nxf3
40. b7 Ne5 41. Kb6 Nc4+ 42. Kc6 Nxa5+ 43. Kd7 f5 0-1

[Event "Ctor por Equipos de Aragon-Division de Honor"]
[Site ""]
[Date "2023.03.11"]
[Round "7.32"]
[White "Pellicer Cemeli, Jose Luis"]
[Black "Molina Cubero-Luna, German"]
[Result "1-0"]
[WhiteElo "1955"]
[BlackElo "1927"]
[PlyCount "0"]
[WhiteTeam "L'Aurora Estadilla"]
[BlackTeam "Atletismo Huesca"]
[EventDate "2023.01.28"]

1. Nf3 e6 2. b3 d5 3. Bb2 Nf6 4. e3 c5 5. Be2 Nc6 6. O-O Bd6 7. d4 O-O 8. Nbd2
b6 9. Ne5 Bb7 10. f4 Rc8 11. a3 Qe7 12. Bd3 Bb8 13. Rf3 Nxe5 14. dxe5 Ne4 15.
Rh3 g6 16. Bxe4 dxe4 17. Qg4 Rfd8 18. Nf1 Qf8 19. Qh4 Qg7 20. Ng3 Kf8 21. Bc3
c4 22. Bb4+ Rc5 1-0

[Event "Cto por Equipos de Aragon-Preferente I"]
[Site ""]
[Date "2023.03.11"]
[Round "7.33"]
[White "Portero Garnica, Miguel Angel"]
[Black "Sancho Cortes, Miguel Angel"]
[Result "1/2-1/2"]
[WhiteElo "2072"]
[BlackElo "2024"]
[PlyCount "0"]
[WhiteTeam "Marcos Frechin B"]
[BlackTeam "Iberajedrez Mundo 64 B"]
[EventDate "2023.01.28"]

1. e4 d6 2. d4 Nf6 3. Nc3 Nbd7 4. f4 e5 5. Nf3 exd4 6. Qxd4 Be7 7. Be3 O-O 8.
h3 Nh5 9. O-O-O Ng3 10. Rg1 Nxf1 11. Rgxf1 Re8 12. e5 Nf8 13. Nd5 Be6 14. Nxe7+
Qxe7 15. exd6 Qxd6 16. Qxd6 cxd6 17. Bd4 Rac8 18. Kb1 Bf5 19. Bc3 Rc4 20. g4
Bd7 21. f5 Rf4 22. Nd4 Rxf1 23. Rxf1 Re3 24. Rh1 a6 25. Bd2 Re4 26. c3 Bc6 27.
Rf1 Nd7 28. Bf4 Ne5 29. f6 Nc4 30. Nf5 Re2 31. Nxd6 Nxb2 32. fxg7 Bg2 33. Rg1
Nd3 34. Bh6 Nc5 35. Nf5 Be4+ 36. Ka1 Bxf5 37. gxf5 f6 38. Rd1 Re8 39. Rd5 Ne4
40. Rd3 Nc5 41. Rf3 Nd7 42. Kb2 Ne5 43. Rf1 Nf7 44. Bf4 1/2-1/2

[Event "Cto por Equipos de Aragon-Preferente I"]
[Site ""]
[Date "2023.03.11"]
[Round "7.34"]
[White "Jimenez Fernandez, Alejandro"]
[Black "Perez Tomas, Juan Manuel"]
[Result "1/2-1/2"]
[WhiteElo "1955"]
[BlackElo "1807"]
[PlyCount "0"]
[WhiteTeam "Iberajedrez Mundo 64 B"]
[BlackTeam "Marcos Frechin B"]
[EventDate "2023.01.28"]

1. d4 d5 2. c4 e6 3. Nc3 a6 4. cxd5 exd5 5. Nf3 Nf6 6. Bg5 Be6 7. e3 Nbd7 8.
Bd3 h6 9. Bh4 g5 10. Bg3 Nh5 11. Be5 Nhf6 12. Qb3 g4 13. Bxf6 Qxf6 14. Ne5 Bd6
15. Qxb7 Nb6 16. Qc6+ Ke7 17. O-O Bxe5 18. dxe5 Qxe5 19. Qc5+ Qd6 20. Qxd6+
Kxd6 21. Rfd1 c5 22. Rac1 Rhc8 23. g3 h5 24. Rd2 Ke5 25. a3 Ra7 26. Rcd1 c4 27.
Bf1 Rd7 28. Rd4 Rc5 29. e4 dxe4 30. Rxe4+ Kf6 31. Rf4+ Kg7 32. Rfd4 Rb7 33. Bg2
Rbc7 34. f3 Nd7 35. f4 Nf6 36. Rd6 Bc8 37. Rb6 Nd7 38. Rbd6 Nf6 39. Rb6 Nd7 40.
Rbd6 Nf6 1/2-1/2

[Event "Cto por Equipos de Aragon-Preferente I"]
[Site ""]
[Date "2023.03.11"]
[Round "7.35"]
[White "Atares Buisan, Sergio"]
[Black "Garcia Acin, Pablo"]
[Result "1/2-1/2"]
[WhiteElo "1691"]
[BlackElo "1851"]
[PlyCount "0"]
[WhiteTeam "Marcos Frechin B"]
[BlackTeam "Iberajedrez Mundo 64 B"]
[EventDate "2023.01.28"]


1. e4 c5 2. b4 b6 3. bxc5 bxc5 4. Bc4 e6 5. Nc3 Nc6 6. Rb1 Nf6 7. Nge2 a6 8.
O-O Nxe4 9. Nxe4 d5 10. Bb3 dxe4 11. Ba4 Bd7 12. Ng3 Qa5 13. c3 Ne5 14. Bxd7+
Nxd7 15. Qc2 Be7 16. Nxe4 O-O 17. d3 Rfd8 18. Be3 Ne5 19. d4 cxd4 20. Bxd4 Nc4
21. Rb7 Bf8 22. Qe2 Nd6 23. Nxd6 Rxd6 24. Rfb1 Qd5 25. h3 h6 26. Be5 Rd7 27.
Rb8 Rd8 28. R8b7 Rd7 29. Rb8 Rd8 30. R8b7 Rd7 1/2-1/2

[Event "Cto por Equipos de Aragon-Preferente I"]
[Site ""]
[Date "2023.03.11"]
[Round "7.36"]
[White "Moreno Burillo, Marcos Antonio"]
[Black "Jario Dominguez, Diego"]
[Result "1-0"]
[WhiteElo "1748"]
[BlackElo "1622"]
[PlyCount "0"]
[WhiteTeam "Iberajedrez Mundo 64 B"]
[BlackTeam "Marcos Frechin B"]
[EventDate "2023.01.28"]

1. d4 Nf6 2. c4 g6 3. Nc3 d5 4. Bg5 c6 5. e3 Bg7 6. Nf3 O-O 7. cxd5 cxd5 8. Bd3
Nc6 9. a3 b6 10. O-O Bb7 11. Rc1 Rc8 12. Re1 Qd7 13. Bb5 a6 14. Bd3 e6 15. Na4
Nxd4 16. Rxc8 Nxf3+ 17. Qxf3 Qxc8 18. Bxf6 d4 19. e4 Qc6 20. Bxg7 Kxg7 21. b3
b5 22. Nb2 Qc3 23. Qe2 Qxb3 24. a4 bxa4 25. Ra1 Rc8 26. Nxa4 a5 27. Qd1 Qxd1+
28. Rxd1 Bc6 29. Rc1 Bd7 30. Rxc8 Bxc8 31. Bb5 Kf6 32. Kf1 Ke5 33. f3 Kf4 34.
Ke2 f5 35. g3+ Ke5 36. Nb6 Bb7 37. Nc4+ Kf6 38. exf5 exf5 39. Nxa5 Bd5 40. Bc4
Ba8 41. Nb3 h6 42. Nxd4 g5 43. f4 gxf4 44. gxf4 Be4 45. Bd3 Bxd3+ 46. Kxd3 Kg6
47. Ke3 Kf6 48. Kf3 Kg6 49. Kg3 Kf6 50. Kh4 Kg6 51. Nf3 1-0

[Event "Cto por Equipos de Aragon-Preferente I"]
[Site ""]
[Date "2023.03.11"]
[Round "7.37"]
[White "Malo Guillen, Jose Luis"]
[Black "Carruez Gracia, Eduardo"]
[Result "0-1"]
[WhiteElo "2128"]
[BlackElo "1941"]
[PlyCount "0"]
[WhiteTeam "Las Fuentes A"]
[BlackTeam "Agrupacion B"]
[EventDate "2023.01.28"]

1.d4 Nf6 2.Nf3 g6 3.c4 Bg7 4.g3 O-O 5.Bg2 d6 6.O-O c5 7.dxc5 dxc5 8.Ne5 Qd4 9.
Nd3 Qxc4 10.Na3 Qg4 11.Nxc5 Nc6 12.Be3 Qh5 13.Bf3 Ng4 14.Bxg4 Bxg4 15.f3 Bh3
16.g4 Bxg4 17.fxg4 Qxg4+ 18.Kf2 Bf6 19.Rg1 Bh4+ 20.Rg3 Qh3 21.Qg1 Ne5 22.Ke1
Rfd8 23.Bf2 Bxg3 24.Qxg3 Qf5 25.Nxb7 Rd5 26.Nc5 Ng4 27.Nd3 Rad8 28.Nc2 Rxd3
29.exd3 Rxd3 30.Ne3 Qe4 31.Ke2 Ne5 32.Rc1 f5 33.Qg5 Rd2+ 34.Kf1 Qh1+ 35.Qg1
Rxf2+ 36.Kxf2 Nd3+ 37.Kg3 f4+ 38.Kg4 h5+ 39.Kh4 Qxg1 40.Rxg1 fxe3 41.Rxg6+ Kf7
42.Rg2 Nf4 43.Kg3 e2 0-1

[Event "Cto por Equipos de Aragon-Preferente I"]
[Site ""]
[Date "2023.03.11"]
[Round "7.38"]
[White "Larrosa Poves, Jose Manuel"]
[Black "Alonso Blasco, Jose Miguel"]
[Result "1/2-1/2"]
[WhiteElo "1902"]
[BlackElo "1942"]
[PlyCount "0"]
[WhiteTeam "Agrupacion B"]
[BlackTeam "Las Fuentes A"]
[EventDate "2023.01.28"]

1.d4 Nf6 2.c4 e6 3.Nf3 Bb4+ 4.Bd2 Qe7 5.a3 Bxd2+ 6.Qxd2 b6 7.Nc3 Bb7 8.Qc2 d6
9.e4 e5 10.d5 a5 11.Bd3 Na6 12.O-O O-O 13.Rfb1 Nd7 14.Ra2 Nac5 15.b4 axb4 16.
axb4 Rxa2 17.Nxa2 Nxd3 18.Qxd3 Ra8 19.Qc2 Qd8 20.Nc3 Qb8 21.Ne1 g6 22.Nd3 Ba6
23.Nb5 f5 24.f3 Nf6 25.Nf2 fxe4 26.Nxe4 Nxe4 27.fxe4 Bxb5 28.cxb5 Qa7 29.Rc1
Rc8 30.Rf1 Rf8 31.Rxf8+ Kxf8 32.h4 Qa1+ 33.Kh2 Qe1 34.g3 h5 35.Qxc7 Qf2+ 36.
Kh3 Qf1+ 37.Kh2 Qf2+ 1/2-1/2

[Event "Cto por Equipos de Aragon-Preferente I"]
[Site ""]
[Date "2023.03.11"]
[Round "7.39"]
[White "Roman Gimeno, Javier"]
[Black "Pedrol Aguila, Mario"]
[Result "0-1"]
[WhiteElo "1899"]
[BlackElo "1681"]
[PlyCount "0"]
[WhiteTeam "Las Fuentes A"]
[BlackTeam "Agrupacion B"]
[EventDate "2023.01.28"]

1.d4 c5 2.c3 e6 3.Bf4 Nc6 4.e3 b6 5.Nf3 Nf6 6.h3 d5 7.Bb5 Bd7 8.O-O Rc8 9.Ba6
Ne4 10.Bxc8 Bxc8 11.Ne5 Nxe5 12.Bxe5 Bd6 13.Bxd6 Nxd6 14.dxc5 bxc5 15.Qa4+ Bd7
16.Qxa7 Qg5 17.Qb8+ Nc8 18.Qf4 Qg6 19.Na3 O-O 20.Qg4 Qf6 21.Qf4 Qe7 22.Rfd1 e5
23.Qg3 Qe6 24.f4 Nd6 25.fxe5 Ne4 26.Qf3 Qxe5 27.Nc4 Qe6 28.Nd2 Nf6 29.Rf1 Qb6
30.b3 Re8 31.Rfe1 Qa5 32.e4 d4 33.Nc4 Qa8 34.cxd4 cxd4 35.Rad1 Bc6 36.Rxd4
Nxe4 37.Qd3 Qa7 38.Nd2 Rd8 39.Nf3 h6 40.Rd1 Qb6 41.Re1 f5 42.Ne5 Rxd4 43.Qe3
Rb4 44.Nxc6 Qxc6 45.Qf4 Qc5+ 46.Kh1 Nf2+ 47.Kh2 Rxf4 0-1

[Event "Cto por Equipos de Aragon-Preferente I"]
[Site ""]
[Date "2023.03.11"]
[Round "7.40"]
[White "Casasnovas Sanchez, Raul"]
[Black "Javierre Conesa, Alfonso"]
[Result "0-1"]
[WhiteElo "1425"]
[BlackElo "1865"]
[PlyCount "0"]
[WhiteTeam "Agrupacion B"]
[BlackTeam "Las Fuentes A"]
[EventDate "2023.01.28"]

1.e4 c5 2.d4 cxd4 3.c3 d3 4.Bxd3 Nc6 5.Nf3 d6 6.O-O g6 7.c4 Bg7 8.Nc3 Nf6 9.a3
O-O 10.h3 Nd7 11.Qc2 Nde5 12.Nxe5 Nxe5 13.b4 a5 14.Bb2 Be6 15.Nd5 Nxd3 16.Bxg7
Nxb4 17.axb4 Kxg7 18.bxa5 Kg8 19.Nb6 Rb8 20.Rfc1 Bd7 21.c5 dxc5 22.Qxc5 Bc6
23.Rd1 Qe8 24.f3 Rd8 25.Rxd8 Qxd8 26.a6 bxa6 27.Qxc6 Qd4+ 28.Kh2 Qxa1 29.Nd5
Qe5+ 30.f4 Qd6 31.Qc3 f6 32.g3 Kg7 33.h4 e6 34.Ne3 Rd8 35.Kh3 Rd7 36.Ng4 Qd4
37.Qc6 h5 38.Nh2 Qd6 39.Qc3 Qd3 40.Qc6 Kf7 41.e5 fxe5 42.Nf3 Qf1+ 43.Kh2 Qf2+
44.Kh3 Ke7 45.fxe5 Qf1+ 46.Kh2 Qe2+ 47.Kh3 Qd3 48.Qa8 Qd5 49.Qg8 Qxf3 50.Qg7+
Qf7 51.Qh6 Rb7 52.Qd2 Qf5+ 53.Kh2 Qxe5 54.Kh3 Rb2 55.Qd3 Qf5+ 0-1

[Event "Cto por Equipos de Aragon-Preferente I"]
[Site ""]
[Date "2023.03.11"]
[Round "7.41"]
[White "Franco Ibanez, Carlos"]
[Black "Chueca Lorente, Javier"]
[Result "0-1"]
[WhiteElo "1859"]
[BlackElo "2149"]
[PlyCount "0"]
[WhiteTeam "Shatranj A"]
[BlackTeam "MyInvestor Casablanca B"]
[EventDate "2023.01.28"]

1. d4 d5 2. c4 e6 3. Nc3 c6 4. e3 Nf6 5. Nf3 Bd6 6. Bd3 O-O 7. O-O dxc4 8. Bxc4 b5 
9. Bd3 Nbd7 10. Qe2 Bb7 11. Bd2 a6 12. Rac1 c5 13. Rfd1 Rc8 14. h3 e5 15. dxe5 Nxe5 
16. Nxe5 Bxe5 17. Bf5 Rc6 18. Be1 Qe7 19. Ne4 g6 20. Nxf6+ Bxf6 21. Bg4 Rc7 22. Bc3 Bxc3 
23. Rxc3 c4 24. b3 cxb3 25. Rxc7 Qxc7 26. axb3 Rd8 27. b4 a5 0-1

[Event "Cto por Equipos de Aragon-Preferente I"]
[Site ""]
[Date "2023.03.11"]
[Round "7.42"]
[White "Cebollada Pacheco, Jesus Raul"]
[Black "Munoz Bornao, Miguel Angel"]
[Result "1-0"]
[WhiteElo "1955"]
[BlackElo "1648"]
[PlyCount "0"]
[WhiteTeam "MyInvestor Casablanca B"]
[BlackTeam "Shatranj A"]
[EventDate "2023.01.28"]

1. e4 c5 2. Nf3 e6 3. d4 cxd4 4. Nxd4 Nf6 5. Nc3 Bb4 6. e5 Nd5 7. Bd2 Bxc3 8. bxc3 O-O 
9. c4 Nc7 10. Bb4 Re8 11. Bd6 Nc6 12. Nf3 b6 13. Bd3 Na6 14. h4 g6 15. Qd2 Ncb4 
16. Qh6 Nxd3+ 17. cxd3 f6 18. h5 g5 19. exf6 Qe7 20. fxe7 Rxe7 21. Qxg5+ Rg7 
22. Qd8+ Kf7 23. Ne5# 1-0

[Event "Cto por Equipos de Aragon-Preferente I"]
[Site ""]
[Date "2023.03.11"]
[Round "7.43"]
[White "Santos Hernandez, Higinio"]
[Black "Antonano Fernandez-Quincoces, Avelino"]
[Result "0-1"]
[WhiteElo "1434"]
[BlackElo "1901"]
[PlyCount "0"]
[WhiteTeam "Shatranj A"]
[BlackTeam "MyInvestor Casablanca B"]
[EventDate "2023.01.28"]

1. d4 Nf6 2. c4 e6 3. Nf3 c5 4. e3 Nc6 5. Nc3 cxd4 6. exd4 d5 7. Bd3 Be7 8. O-O dxc4 
9. Bxc4 O-O 10. Be3 a6 11. Qc2 b5 12. Be2 Bb7 13. a3 Rc8 14. Rfd1 Na5 15. Rac1 Ne4 
16. Qb1 Nxc3 17. Rxc3 Rxc3 18. bxc3 Bxa3 19. Qa2 Bd6 20. Ra1 Nc6 21. c4 Nb4 22. Qb3 bxc4 
23. Qxc4 Qe7 24. Qb3 Rc8 25. Bg5 Qc7 26. Rc1 Qb6 27. Rxc8+ Bxc8 28. Qc4 Qc7 29. Qxc7 Bxc7 
30. Be7 Nd5 31. Bc5 Bb6 32. Nd2 Bxc5 33. dxc5 Nc7 34. Ne4 Kf8 35. Nd6 Bd7 36. Bf3 Ke7 
37. Kf1 Nb5 38. Nb7 Nd4 39. Be4 Bb5+ 40. Ke1 f5 41. Bb1 Bc6 42. Na5 Bxg2 0-1

[Event "Cto por Equipos de Aragon-Preferente I"]
[Site ""]
[Date "2023.03.11"]
[Round "7.44"]
[White "Lazaro Abadias, Andres"]
[Black "Alvaro Rada, Gonzalo"]
[Result "1-0"]
[WhiteElo "1582"]
[BlackElo "1273"]
[PlyCount "0"]
[WhiteTeam "MyInvestor Casablanca B"]
[BlackTeam "Shatranj A"]
[EventDate "2023.01.28"]

1. c4 Nf6 2. Nc3 c6 3. e4 e5 4. Nf3 Qc7 5. d4 d6 6. Bg5 Be7 7. d5 Bd7 8. Qd2 Na6 
9. Rd1 Nc5 10. Bxf6 Bxf6 11. b4 Na6 12. dxc6 bxc6 13. a3 Be7 14. c5 dxc5 15. Bxa6 cxb4 
16. axb4 Rd8 17. Qb2 O-O 18. O-O f6 19. Rc1 Qb6 20. b5 Bg4 21. Ne2 Rd4 1-0

[Event "Cto por Equipos de Aragon-Preferente I"]
[Site ""]
[Date "2023.03.11"]
[Round "7.45"]
[White "Faro Perella, Alberto"]
[Black "Lorente Melcon, Maximo"]
[Result "0-1"]
[WhiteElo "1943"]
[BlackElo "1980"]
[PlyCount "0"]
[WhiteTeam "Binefar A"]
[BlackTeam "Helios B"]
[EventDate "2023.01.28"]


1. d4 Nf6 2. Nf3 e6 3. e3 d5 4. Bd3 c5 5. b3 Be7 6. O-O O-O 7. Bb2 Nc6 8. a3 b6 
9. Nbd2 Bb7 
10. Ne5 Qc7 11. f4 cxd4 12. exd4 Ne4 13. Rf3 Nxe5 14. fxe5 Bg5 15. 
Bxe4 dxe4 16. Rg3 f6 
17. Nc4 Rad8 18. Qg4 Bd5 19. Bc1 Bxc4 20. Bxg5 fxg5 21. 
bxc4 Qxc4 22. c3 Rxd4 23. Qxg5 Rd7 
24. h4 Rf5 25. Qg4 Qc5+ 26. Kh2 Qxe5 27. Re1 
Rf4 0-1

[Event "Cto por Equipos de Aragon-Preferente I"]
[Site ""]
[Date "2023.03.11"]
[Round "7.46"]
[White "Lorente Melcon, Nicolas"]
[Black "Garcia Alriols, Jesus"]
[Result "1-0"]
[WhiteElo "1869"]
[BlackElo "1823"]
[PlyCount "0"]
[WhiteTeam "Helios B"]
[BlackTeam "Binefar A"]
[EventDate "2023.01.28"]


1. e4 e6 2. d3 d5 3. Nd2 Nf6 4. Ngf3 Nc6 5. c3 Bd6 6. Be2 O-O 7. O-O a5 8. Re1 
e5 
9. h3 b6 10. Qc2 Ba6 11. Nf1 h6 12. Ng3 Ne7 13. Bf1 dxe4 14. dxe4 Bxf1 15. 
Kxf1 Qd7 
16. Be3 Rfe8 17. Rad1 Qc6 18. Kg1 Rad8 19. Nh4 Bc5 20. Nhf5 Ng6 21. Qc1 
Bxe3 
22. Qxe3 Nf4 23. Rxd8 1-0